|
|
|
|
| LEADER |
01626cas a2200241 a 4500 |
| 001 |
AALejournalIMF011787 |
| 008 |
230101c9999 xx r poo 0 0eng d |
| 020 |
|
|
|c 5.00 USD
|
| 020 |
|
|
|z 9781475502978
|
| 022 |
|
|
|a 1934-7685
|
| 040 |
|
|
|a BD-DhAAL
|c BD-DhAAL
|
| 110 |
2 |
|
|a International Monetary Fund.
|
| 245 |
1 |
0 |
|a People's Republic of China :
|b Detailed Assessment Report: IAIS Insurance Core Principles.
|
| 264 |
|
1 |
|a Washington, D.C. :
|b International Monetary Fund,
|c 2012.
|
| 300 |
|
|
|a 1 online resource (52 pages)
|
| 490 |
1 |
|
|a IMF Staff Country Reports
|
| 500 |
|
|
|a <strong>Off-Campus Access:</strong> No User ID or Password Required
|
| 500 |
|
|
|a <strong>On-Campus Access:</strong> No User ID or Password Required
|
| 506 |
|
|
|a Electronic access restricted to authorized BRAC University faculty, staff and students
|
| 520 |
3 |
|
|a This paper presents a detailed assessment report on the observance of China's compliance with the International Association of Insurance Supervisor's insurance core principles. The China Insurance Regulatory Commission employs a rules-based framework and has achieved a high level of regulatory compliance from supervised companies. The market demand for skilled resources continues to increase and must be satisfied if the projected rate of development is to be sustained; compromises on the suitability of personnel should be avoided at all costs.
|
| 538 |
|
|
|a Mode of access: Internet
|
| 830 |
|
0 |
|a IMF Staff Country Reports; Country Report ;
|v No. 2012/079
|
| 856 |
4 |
0 |
|z Full text available on IMF
|u http://elibrary.imf.org/view/journals/002/2012/079/002.2012.issue-079-en.xml
|z IMF e-Library
|